Juegos de comunicación
שמור ב:
| מחבר ראשי: | |
|---|---|
| פורמט: | ספר |
| שפה: | ספרדית |
| יצא לאור: |
Santiago
Universidad Católica de Chile
2007
|
| מהדורה: | 3a. ed |
| סדרה: | Lecciones
|
| נושאים: | |
| תגים: |
הוספת תג
אין תגיות, היה/י הראשונ/ה לתייג את הרשומה!
|
MARC
| LEADER | 00000nam a2200000 a 4500 | ||
|---|---|---|---|
| 001 | UCH2409 | ||
| 003 | CL-VaPUC | ||
| 008 | 090611e20070000CL |||||||||||||||||spa|d | ||
| 020 | |a 9789561406988 | ||
| 082 | 0 | 4 | |a 153.6 |b SIM |2 21 |
| 100 | 0 | |a Simonetti Bagnara, Franco |e author |9 537207 | |
| 245 | 1 | 0 | |a Juegos de comunicación |
| 250 | |a 3a. ed | ||
| 300 | |a 287 p | ||
| 942 | |c BK | ||
| 945 | |d 20090611 00:00:00 |a cmena | ||
| 260 | |a Santiago |b Universidad Católica de Chile |c 2007 | ||
| 650 | 0 | |a Comunicación |9 257251 | |
| 650 | 0 | |a Relaciones interpersonales |9 307056 | |
| 650 | 0 | |a Medios de comunicación |9 257206 | |
| 650 | 0 | |a Análisis del discurso |9 256696 | |
| 650 | 7 | |a PSICOLOGIA DE LA COMUNICACION |2 CL-VaPUC |9 332059 | |
| 583 | |a last modification |c 20090611 00:00:00 |k Rodrigo Vera | ||
| 490 | 0 | |a Lecciones | |
| 999 | |c 334150 |d 334148 | ||
| 952 | |0 0 |1 0 |4 0 |6 153_600000000000000_SIM_2007 |7 0 |8 A |9 422983 |a BIBCUR |b BIBCUR |d 2019-11-22 |i 4562488 |o 153.6 SIM 2007 |p 4562488 |r 2025-04-22 |w 2019-11-22 |y BK |k PER | ||